Work of the International Law Commission (Record no. 680640)

MARC details
000 -LEADER
fixed length control field 00737nam a2200253Ia 4500
003 - CONTROL NUMBER IDENTIFIER
control field OSt
005 - DATE AND TIME OF LATEST TRANSACTION
control field 20220927103127.0
008 - FIXED-LENGTH DATA ELEMENTS--GENERAL INFORMATION
fixed length control field 220926b |||||||| |||| 00| 0 eng d
037 ## - SOURCE OF ACQUISITION
Terms of availability Reference Collections
040 ## - CATALOGING SOURCE
Original cataloging agency RTL
Transcribing agency RTL
Language of cataloging eng
041 ## - LANGUAGE CODE
Source of code eng
Language code of text/sound track or separate title eng
110 ## - MAIN ENTRY--CORPORATE NAME
Corporate name or jurisdiction name as entry element "UN, PUBLIC INFORMATION (Office of-)"
9 (RLIN) 353224
245 #0 - TITLE STATEMENT
Title Work of the International Law Commission
260 ## - PUBLICATION, DISTRIBUTION, ETC.
Place of publication, distribution, etc. N
Name of publisher, distributor, etc. Y U N
Date of publication, distribution, etc. 1967
300 ## - PHYSICAL DESCRIPTION
Extent 168p
Dimensions cm.
650 ## - SUBJECT ADDED ENTRY--TOPICAL TERM
Topical term or geographic name entry element International Law
9 (RLIN) 353225
700 ## - ADDED ENTRY--PERSONAL NAME
Personal name "UN, PUBLIC INFORMATION (Office of-)"
9 (RLIN) 353226
942 ## - ADDED ENTRY ELEMENTS (KOHA)
Classification part "Z1,fN47, K7/UN"
Koha item type
Holdings
Withdrawn status Lost status Damaged status Not for loan Home library Current library Date acquired Total Checkouts Full call number Barcode Date last seen Price effective from Koha item type
        Ratan Tata Library Ratan Tata Library 2022-09-27   "Z1,fN47 K7/UN" RT00625628 Ref 2022-09-27 2022-09-27  
Copyright @ Delhi University Library System